| 000 | 00634nam a2200217 a 4500 | ||
|---|---|---|---|
| 001 | BRCA_5787 | ||
| 005 | 20190320205220.0 | ||
| 008 | 090311s1948----u--a######---#000-0#eng-# | ||
| 041 | _aeng | ||
| 044 | _au | ||
| 050 | 4 |
_aN8790 _b.K87 1948 |
|
| 100 | 1 |
_aKurz, Otto _914676 |
|
| 245 | 1 | 0 |
_aFakes _ba handbook for collectors and students _cOtto Kurz. |
| 260 |
_aNew Haven, Connecticut _bYale University _c1948 |
||
| 300 |
_a328 p. _bil., 95 láminas _c22 cm. |
||
| 500 | _aIncluye índice de ilustraciones e índice de autores | ||
| 500 | _aG13 | ||
| 650 | 1 | 4 |
_aFalsificación de obras de arte _97762 |
| 902 | _aGFM | ||
| 942 |
_2lcc _cB |
||
| 999 |
_c5476 _d5476 |
||